General Geography - Statistics

General Stats
  • This quiz has been taken 24 times
  • The average score is 33 of 52
Answer Stats
Hint Answer % Correct
A) What small country sits in the Pyreneesrange between Spain and France? Andorra
100%
Q) Oil rich Arabian country, its capital is Doha Qatar
95%
R) Northernmost capital on Earth Reykjavik
95%
T) Home to the CN Tower, Blue Jays and Maple Leafs Toronto
95%
J) Cities on this island include Montego Bay,Negril and Kingston Jamaica
89%
L) Also called Tinseltown or the City of Angels Los Angeles
89%
M) Home to Monte Carlo and the F1 Grand Prix Monaco
89%
O) The Nobel Peace Prize is awarded in this Scandinavian city Oslo
89%
V) Africas largest lake Victoria
89%
D) Also called the Mile High City Denver
84%
E) Formerly named Swaziland until 2018 Eswatini
84%
G) Holiest river in India Ganges
84%
G) Largest coral reef system on Earth Great Barrier Reef
84%
O) Fly into this city to get to Disney World Orlando
84%
S) Archduke Ferdinand was assassinated in this city,sparking WW1 Sarajevo
84%
S) Largest city in Scandinavia Stockholm
84%
Z) Largest city in Switzerland Zurich
84%
I) Its largest cities include Boise and Nampa Idaho
79%
J) This megacity was once called Bataviaunder Dutch colonialism Jakarta
79%
A) What is the name of a chain of islands? Archipelago
74%
C) The leader of the English church is calledthis, the Archbishop of Canterbury
74%
E) Most active volcano in Italy Etna
74%
L) Furthest west city on the European mainland Lisbon
74%
N) Sydney is the largest city of this Australian state New South Wales
74%
Q) The Mets play at Citi Field in this NYC borough Queens
74%
W) Bonn was its capital during the country split West Germany
74%
K) Mother Theresa lived most of her life inthis east India city Kolkata
68%
V) Capital of Liechtenstein Vaduz
68%
W) The southernmost capital in the world Wellington
68%
B) What is the deepest lake on Earth, locatedin Siberia? Baikal
63%
P) Spelled Praha in its native language Prague
63%
I) Largest city in the Scottish highlands Inverness
58%
K) Climbers of Mt Everest often fly into this cityto get to base camp Kathmandu
58%
U) Translates to Red Hero in its native language Ulaanbaatar
58%
X) Shi Huangdi and his terracotta warriors were unearthednear this city Xian
58%
Y) Crimean port city that was the site of the 1945 AlliedConference of WW2 Yalta
58%
F) 2nd largest city in Alaska Fairbanks
53%
R) Capital of the Confederacy during the US Civil War Richmond
53%
U) Arches national park is located here Utah
53%
H) Capital of Crete Heraklion
47%
Z) Rural province of southwestern Netherlands near the Belgian border Zeeland
47%
D) This city sits on Lake Superior in Minnesotaand is the busiest port on the Great Lakes Duluth
42%
H) Capital of Nova Scotia Halifax
42%
M) Region that includes Morocco, Algeria,Tunisia, Libya and parts of Mauritania Maghreb
42%
N) Also known as the Land of Enchantment New Mexico
21%
P) Formerly called Titograd during the time of Yugoslavia Podgorica
21%
X) Large port city across the Strait of Taiwan Xiamen
21%
Y) Zvartnots International Airport is located here Yerevan
21%
F) Currency of Aruba Florin
16%
T) Largest city on the Faroe Islands Torshavn
16%
B) What is the currency of Ethiopia? Birr
5%
C) This icy reservoir was the site of a brutalbattle in the Korean War Chosin
5%
No matching quizzes found
Score Distribution
Percent of People with Each Score
Percentile by Number Answered
Your Score History
You have not taken this quiz